Lithuanian folk song Oi Šermukšnio - Statistics

General Stats
  • This quiz has been taken 7 times
  • The average score is 77 of 173
Answer Stats
Answer % Correct
Oi
100%
Kur
83%
kur
83%
Tu
83%
Ajajaj
67%
Ei
67%
Į
67%
Kam
67%
Man
67%
Manį
67%
Mani
67%
Nukalai
67%
Pirmą
67%
samanų
67%
šermukšnio
67%
šių
67%
tarp
67%
Tarp
67%
triūbą
67%
Auginai
50%
balių
50%
Balių
50%
Ir
50%
50%
50%
išjodams
50%
Išjodams
50%
Tris
50%
triūbas
50%
Triūbas
50%
triūbijo
50%
užrašei
50%
Užrašei
50%
Vaisko
50%
žalių
50%
Ant
33%
Antrą
33%
Augai
33%
Ing
33%
juodamas
33%
kiemėlio
33%
Kiemėlio
33%
Terp
33%
Trečią
33%
Atšlaimą
17%
Katkus
17%
Mane
17%
matuši
17%
Mūsų
17%
per
17%
Per
17%
Prie
17%
pristojęs
17%
pulks
17%
Vaiskas
17%
vaiskelio
17%
Vaiskelio
17%
Visas
17%
žuvėdų
17%
žuvėdus
17%
Atein
0%
buvo
0%
drūts
0%
iškapojum
0%
Kai
0%
karaliūks
0%
kariuomenė
0%
labai
0%
narsiūjų
0%
plečiaus
0%
sustojum
0%
sužiūro
0%
sužiūru
0%
sužvingo
0%
tikras
0%
žirgelis
0%
No matching quizzes found
Score Distribution
Percent of People with Each Score
Percentile by Number Answered
Your Score History
You have not taken this quiz